| 000 | 02111nam a2200361Ia 4500 | ||
|---|---|---|---|
| 001 | 52618 | ||
| 005 | 20230410132812.0 | ||
| 008 | 060516s2001 bl a b 000 0 eng d | ||
| 035 | _a(OCoLC)ocm68904346 | ||
| 040 |
_aFUG _cFUG |
||
| 020 | _a8588758024 | ||
| 020 | _a9788588758025 | ||
| 035 | _a(OCoLC)68904346 | ||
| 043 | _as-bl--- | ||
| 050 | 1 | 4 |
_aQH117 _b.B212 2001 |
| 049 | _aGRAL | ||
| 100 | 1 | _aBannerman, Matt. | |
| 245 | 1 | 0 |
_aMamirauá : _ba guide to the natural history of the Amazon flooded forest / _ctext, Matt Bannerman ; based on information from Mamirauâa contributors [Aline Da Rin P. Azevédo ... et al.] ; photos, Luiz Claudio Marigo. |
| 260 |
_aTefâe : _bInstituto de Desenvolvimento Sustentâavel Mamirauâa, IDSM, _c[2001] |
||
| 300 |
_a175 p. : _bcol. ill. ; _c23 cm. |
||
| 504 | _aIncludes bibliographical references (p. 136). | ||
| 505 | 0 | _aForeword -- Welcome to Mamirauá -- The Mamirauá sustainable development reserve -- The Várzea ecosystems -- Ribeirinhos : the people of the vázea -- Arboreal mammals -- Other mammals -- The banquet of the waters -- Non-aquatic birds -- Reptiles and amphibians -- The fish of Mamirauá -- Insects -- References -- Appendix: Ecotourism in Mamirauá / recommendations -- Flora species of Mamirauâa -- Fauna species of Mamirauá -- Suggested further reading. | |
| 520 | _aThis guidebook presents the flooded forests of Mamiraúa Reserve. Throughout the book, Mamiraúás exuberance is presented to its visitors in magnificent photographs and short but comprehensive text, compiled from fresh information provided by many scientific experts working in the area. | ||
| 651 | 0 |
_aReserva de Desenvolvimento Sustentável Mamiraú (Brazil) _vGuidebooks. |
|
| 650 | 0 |
_aNatural areas _zBrazil _zReserva de Desenvolvimento Sustentâavel Mamirauá _vGuidebooks. |
|
| 650 | 0 |
_aNatural history _zBrazil _zReserva de Desenvolvimento Sustentâavel Mamiraúa _vGuidebooks. |
|
| 700 | 1 | _aMarigo, Luiz Claudio. | |
| 700 | 1 | _aAzevédo, Aline Da Rin P. | |
| 936 | _aPR 67040475 | ||
| 942 |
_2lcc _cbk |
||
| 946 | _aclperez | ||
| 994 |
_aC0 _bDRFGD |
||
| 999 |
_c87998 _d87998 |
||